000 01270nam a2200313 i 4500
003 EG-GICUC
005 20260514113204.0
008 260514s2021 ua ||||f ||| 00| 0 ara d
040 _a EG-GICUC
_bara
_c EG-GICUC
_d EG-GICUC
_erda
041 _aara
043 _aua
082 0 4 _221
_a343.115
_bر ح . د
092 0 4 _221
_a343.115
_bر ح . د
099 _alaw1 B10 343.115 ر ح . د 2021
100 0 _aرحاب عمر محمد سالم.
_eمؤلف.
245 _aدور السلطة التنفيذية فى التجريم والعقاب :
_bدراسة مقارنة /
_cرحاب عمر محمد سالم.
264 _aالجيزة :
_bكلية الحقوق . فرع الخرطوم ،
_c2004.
300 _a715-768 صفحة ؛
_c24 سم
336 _2rda content
_atext
337 _2rda media
_aComputer
338 _2rda carrier
_aOnline Resource
500 _aمستلة من مجلة القانونية / العدد العاشر - المجلد الثانى - نوفمبر 2021
504 _aتشتمل على ارجاعات ببليوجرافية من 766 - 768.
650 1 _aالتجريم والعقاب .
_2qrmak
651 1 _2qrmak
856 4 0 _uhttps://fll.law.cu.edu.eg/fulltext/bks/B10-10777.pdf
905 _a58
942 _2ddc
_cBK
_e21
_n0
999 _c76876
_d76876